000 00757cab a2200265 4500
001 ABS58951
008 090401t1998 xxu||||| |||| 00| 0 eng d
035 _a(Sirsi) u86904
041 _aeng
100 _aBlackler, A.
245 _aWho can you rely on?
260 _c1998
350 _a0
490 _aBuilding
_v263(8042) 5 June 1998, 42-43(2)
520 _aExamines the notion of reliance in the context of determining negligence in the light of "Rotherham MBC v Haslam"
650 _aCERTIFIER
650 _aCLIENTS
650 _aCONTRACTORS
650 _aLIABILITY
650 _aNEGLIGENCE
650 _aROTHERHAM MBC V HASLAM
690 _aMANAGEMENT-BUSINESS MANAGEMENT-PROFESSIONAL PRACTICE
942 _n0
948 _c18/06/1998
999 _c54725
_d54725